Pražský fantastický realismus = Prague fantastic realism : 1960-1967 : Jan Jedlička, Vladivoj Kotyza, Mikuláš Rachlík /

Main Author: Jedlička, Jan, 1944-
Corporate Author: Colloredo-Mansfeldský palác (Praha, Česko)
Other Authors: Kotyza, Vladivoj, 1943-, Rachlík, Mikuláš, 1943-, Hlaváčková, Jitka, 1976-, Lahoda, Vojtěch, 1955-2019, Rakušanová, Marie, 1978-, Domin, Joanne
Language: Czech
English
Published: [Praha] : Galerie hlavního města Prahy, [2016]
Subjects:
Physical Description: 127 stran : ilustrace (převážně barevné) ; 26 cm
Language note: Souběžný anglický text
Book
Saved in:
LEADER 03102nam a2200733 i 4500
001 nkc20162799886
003 CZ PrNK
005 20160720102423.0
007 ta
008 160523t20162016xr a e c 000 0dcze
020 |a 978-80-7010-115-5  |q (brožováno) 
040 |a OLA001  |b cze  |d ABA001  |e rda 
041 1 |a cze  |a eng  |h cze 
043 |a e-xr--- 
045 |a x6x6 
072 7 |a 75  |x Malířství  |2 Konspekt  |9 21 
080 |a 75(437.3)  |2 MRF 
080 |a 741/744(437.3)  |2 MRF 
080 |a 7.036/.038  |2 MRF 
080 |a 72/76-021.181  |2 MRF 
080 |a 72/76:111.61  |2 MRF 
080 |a (437.3)  |2 MRF 
080 |a (083.824)  |2 MRF 
100 1 |a Jedlička, Jan,  |d 1944-  |7 jn19981001551  |4 art 
245 1 0 |a Pražský fantastický realismus =  |b Prague fantastic realism : 1960-1967 : Jan Jedlička, Vladivoj Kotyza, Mikuláš Rachlík /  |c texty v katalogu Jitka Hlaváčková, Vojtěch Lahoda, Marie Rakušanová ; anglický překlad Joanne Domin 
264 1 |a [Praha] :  |b Galerie hlavního města Prahy,  |c [2016] 
264 4 |c ©2016 
300 |a 127 stran :  |b ilustrace (převážně barevné) ;  |c 26 cm 
336 |a text  |b txt  |2 rdacontent 
336 |a statický obraz  |b sti  |2 rdacontent 
337 |a bez média  |b n  |2 rdamedia 
338 |a svazek  |b nc  |2 rdacarrier 
500 |a Výstava pořádaná ve dnech 22.4.-4.9.2016 v Colloredo-Mansfeldském paláci v Praze 
500 |a Chronologický přehled 
504 |a Obsahuje bibliografické odkazy 
546 |a Souběžný anglický text 
600 1 7 |a Jedlička, Jan,  |d 1944-  |7 jn19981001551  |2 czenas 
600 1 7 |a Kotyza, Vladivoj,  |d 1943-  |7 jn20000620177  |2 czenas 
600 1 7 |a Rachlík, Mikuláš,  |d 1943-  |7 jn20010525273  |2 czenas 
648 4 |a 1960-1967 
648 7 |a 20. století  |7 ch460558  |2 czenas 
650 0 7 |a české malířství  |7 ph116864  |y 20. století  |2 czenas 
650 0 7 |a česká kresba  |7 ph116857  |y 20. století  |2 czenas 
650 0 7 |a moderní umění  |7 ph115340  |z Česko  |2 czenas 
650 0 7 |a fantaskní umění  |7 ph184278  |z Česko  |y 20. století  |2 czenas 
650 0 7 |a realismus v umění  |7 ph125044  |z Česko  |y 20. století  |2 czenas 
650 0 9 |a Czech painting  |y 20th century  |2 eczenas 
650 0 9 |a Czech drawing  |y 20th century  |2 eczenas 
650 0 9 |a modern art  |z Czechia  |2 eczenas 
650 0 9 |a fantastic art  |z Czechia  |y 20th century  |2 eczenas 
650 0 9 |a realism in art  |z Czechia  |y 20th century  |2 eczenas 
655 7 |a katalogy výstav  |7 fd132536  |2 czenas 
655 9 |a exhibition catalogs  |2 eczenas 
700 1 |a Kotyza, Vladivoj,  |d 1943-  |7 jn20000620177  |4 art 
700 1 |a Rachlík, Mikuláš,  |d 1943-  |7 jn20010525273  |4 art 
700 1 |a Hlaváčková, Jitka,  |d 1976-  |7 pna2007403545  |4 wfw 
700 1 |a Lahoda, Vojtěch,  |d 1955-2019  |7 jn99240000602  |4 wfw 
700 1 |a Rakušanová, Marie,  |d 1978-  |7 jo2005267893  |4 wfw 
700 1 |a Domin, Joanne  |7 ola2016916310  |4 trl 
710 2 |a Colloredo-Mansfeldský palác (Praha, Česko)  |7 kn20130627012  |4 orm 
910 2 |a BOA001  |b 2-1368.894 
990 |a BK 
995 |a 11 
996 6 |b 2610671460  |c 2-1368.894  |l MZK  |r Sklad / do 1 hodiny  |n 1  |p p.v.  |w 001563222  |u 000010  |a 1  |e BOA001  |j MZK50  |s P